000 00779nam a22002175i 4500
001 162340
003 ES-MaACL
005 20250714080905.0
008 041111s1862 fr |||| | fre d
040 _aCAM
_bspa
_cCAM
100 1 _aPoe, Edgar Allan,
_d1809-1849
_9188384
245 1 0 _aNouvelles histoires extraordinaires /
_cpar Edgar Poe; traduction Charles Baudelaire.
250 _a3e. ed.
260 _aParis :
_bMichel Lévy Frères, Libraires éditeurs,
_c1862 (
_fImprimerie de L. Tinterlin)
300 _aXXIV, 287 p. ;
_c18 cm.
490 1 _aCollection Michel Lévy
700 1 1 _aBaudelaire, Charles,
_etrad.
_926513
830 0 0 _aCollection Michel Lévy
_9182425
852 _aES-MaACL
_jF-13419
_z-- Enc. hol. deteriorada
999 _c162340
_d162340